Chemistry of natural products. V2.(Organic) (Record no. 24660)

MARC details
000 -LEADER
fixed length control field 00520nam a2200205Ia 4500
082 ## - DEWEY DECIMAL CLASSIFICATION NUMBER
Classification number 577.1
Item number RAS.2
100 ## - MAIN ENTRY--AUTHOR NAME
Personal name RASTOGI, Subhash Chandra
245 #0 - TITLE STATEMENT
Title Chemistry of natural products. V2.(Organic)
260 ## - PUBLICATION, DISTRIBUTION, ETC. (IMPRINT)
Place of publication Meerut
Name of publisher JaiPrakashNath
Year of publication 1974
505 ## - FORMATTED CONTENTS NOTE
Formatted contents note An international student edition
650 ## - SUBJECT ADDED ENTRY--TOPICAL TERM
Topical Term Chemotherapy
650 ## - SUBJECT ADDED ENTRY--TOPICAL TERM
Topical Term Dyes
650 ## - SUBJECT ADDED ENTRY--TOPICAL TERM
Topical Term Enzyme
650 ## - SUBJECT ADDED ENTRY--TOPICAL TERM
Topical Term Hormone
650 ## - SUBJECT ADDED ENTRY--TOPICAL TERM
Topical Term Pigment
650 ## - SUBJECT ADDED ENTRY--TOPICAL TERM
Topical Term Steroid
650 ## - SUBJECT ADDED ENTRY--TOPICAL TERM
Topical Term Vitamin
942 ## - ADDED ENTRY ELEMENTS (KOHA)
Koha item type Books
Holdings
Withdrawn status Lost status Damaged status Not for loan Home library Current library Date acquired Full call number Accession Number Koha item type
        RRII Library RRII Library 16/12/2021 577.1 RAS.2 05334 Books